000 00642nam a2200241 i 4500
001 C2-0103205
003 PPAK
005 20180727100551.0
008 970603s1991 xxua|||| ||||| | eng d
020 _a0340545496
040 _aPPAK
_beng
_cPPAK
_erda
082 0 4 _a613.71
_223
090 0 0 _a613.71
_bYOU
_dG
100 1 _aYoung, Jacqueline,
_eauthor
245 1 0 _aVital energy
264 1 _aHeadway :
_bHodder & Stoughton ,
_c1991
300 _a127 pages :
_billustrations ;
_c23 cm
336 _2rdacontent
_atext
337 _2rdamedia
_aunmediated
338 _2rdacarrier
_avolume
650 1 0 _aPhysical fitness
942 _ddc
_cB
999 _c24353
_d24353